EVERY John Cena WWE PPV Opponent - Statistics

General Stats
  • This quiz has been taken 3,583 times
    919 since last reset
  • The average score is 229 of 294
Answer Stats
Hint Answer % Correct
WWE Backlash 2007 | WWE Backlash 2008 | WWE Backlash 2025 | +20 others Randy Orton
98%
WWE Backlash 2003 | WWE Extreme Rules 2012 | WWE Night Of Champions 2014 | +4 others Brock Lesnar
97%
WWE Elimination Chamber 2011 | WWE Elimination Chamber 2025 | WWE Hell In A Cell 2011 | +6 others CM Punk
96%
WWE No Way Out 2007 | WWE Royal Rumble 2003 (Eliminated By) | WWE Vengeance 2003 | WWE WrestleMania 34 The Undertaker
96%
WWE Backlash 2006 | WWE Backlash 2008 | WWE Elimination Chamber 2010 | +8 others Triple H
96%
WWE Battleground 2014 | WWE Elimination Chamber 2013 | WWE Elimination Chamber 2018 | +3 others Roman Reigns
95%
WWE Elimination Chamber 2013 | WWE Elimination Chamber 2018 | WWE Elimination Chamber 2025 | +5 others Seth Rollins
95%
WWE Bragging Rights 2010 | WWE Money In The Bank 2025 | WWE SummerSlam 2025 | WWE WrestleMania 41 Night 2 Cody Rhodes
94%
WWE Backlash 2006 | WWE Backlash 2007 | WWE Backlash 2009 | +9 others Edge
93%
WWE Battleground 2014 | WWE Elimination Chamber 2012 | WWE Money In The Bank 2012 | +5 others Kane
93%
WWE Battleground 2016 | WWE Crown Jewel 2025 | WWE Elimination Chamber 2017 | +5 others AJ Styles
92%
WWE Survivor Series: War Games 2025 Dominik Mysterio
92%
WWE No Way Out 2009 Rey Mysterio
92%
WWE Backlash 2007 | WWE New Years Revolution 2006 | WWE Survivor Series 2009 | +2 others Shawn Michaels
92%
WWE Cyber Sunday 2006 | WWE Extreme Rules 2009 | WWE Judgment Day 2009 | +9 others The Big Show
92%
WWE WrestleMania 29 | WWE WrestleMania XXVIII The Rock
92%
WWE Elimination Chamber 2017 | WWE Extreme Rules 2014 | WWE Money In The Bank 2014 | +3 others Bray Wyatt
90%
WWE Elimination Chamber 2017 | WWE Elimination Chamber 2018 | WWE Extreme Rules 2011 | +7 others The Miz
90%
WWE Elimination Chamber 2010 | WWE Extreme Rules 2010 | WWE No Way Out 2007 | +4 others Batista
89%
WWE New Years Revolution 2006 | WWE No Mercy 2003 | WWE No Way Out 2004 | +6 others Kurt Angle
89%
WWE Money In The Bank 2025 | WWE Royal Rumble 2025 (Eliminated By) Jey Uso
87%
WWE Elimination Chamber 2013 | WWE Elimination Chamber 2017 | WWE No Mercy 2016 Dean Ambrose
85%
WWE Armageddon 2008 | WWE Money In The Bank 2012 | WWE Night Of Champions 2010 | +5 others Chris Jericho
84%
WWE Elimination Chamber 2014 | WWE SummerSlam 2013 Daniel Bryan
82%
WWE Fastlane 2023 Jimmy Uso
82%
WWE Battleground 2015 | WWE Elimination Chamber 2015 | WWE Fastlane 2018 | +2 others Kevin Owens
79%
WWE Survivor Series 2004 Luther Reigns
78%
WWE Hell In A Cell 2010 | WWE Night Of Champions 2010 | WWE SummerSlam 2010 | WWE TLC 2010 Wade Barrett
78%
WWE Bragging Rights 2010 | WWE Elimination Chamber 2025 Drew McIntyre
77%
WWE Backlash 2008 | WWE Judgment Day 2005 | WWE Judgment Day 2008 | +4 others John Bradshaw Layfield
77%
WWE Clash In Paris 2025 | WWE Elimination Chamber 2025 Logan Paul
77%
WWE Extreme Rules 2013 | WWE Payback 2013 | WWE Royal Rumble 2013 (Eliminated Last) | WWE Survivor Series 2012 Ryback
77%
WWE SummerSlam 2010 Skip Sheffield
77%
WWE Fastlane 2018 | WWE TLC 2012 Dolph Ziggler
76%
WWE Elimination Chamber 2010 | WWE Elimination Chamber 2011 | WWE Elimination Chamber 2014 | +5 others Sheamus
76%
WWE Hell In A Cell 2011 | WWE Hell In A Cell 2013 | WWE Hell In A Cell 2015 | +4 others Alberto Del Rio
75%
WWE Money In The Bank 2013 | WWE Survivor Series 2014 Mark Henry
75%
WWE Battleground 2017 | WWE Extreme Rules 2015 | WWE Fastlane 2015 | +3 others Rusev
71%
WWE Capitol Punishment 2011 | WWE Elimination Chamber 2011 | WWE Survivor Series 2011 R-Truth
69%
WWE WrestleMania 39 Night 1 Austin Theory
68%
ECW One Night Stand 2006 | WWE The Great American Bash 2004 Rob Van Dam
68%
WWE Fastlane 2018 Sami Zayn
68%
WWE Elimination Chamber 2018 | WWE Survivor Series 2017 Braun Strowman
66%
WWE Elimination Chamber 2014 | WWE Vengeance 2005 Christian
66%
WWE Judgment Day 2003 Chris Benoit
64%
WWE Crown Jewel 2023 | WWE Fastlane 2023 Solo Sikoa
63%
WWE New Years Revolution 2007 | WWE Royal Rumble 2007 | WWE Survivor Series 2006 Umaga
63%
WWE Survivor Series 2014 Luke Harper
62%
WWE The Great American Bash 2007 | WWE Vengeance: Night Of Champions 2007 Bobby Lashley
59%
WWE Elimination Chamber 2018 | WWE Survivor Series 2017 Finn Balor
59%
WWE SummerSlam 2010 Heath Slater
59%
WWE Judgment Day 2007 | WWE One Night Stand 2007 The Great Khali
59%
WWE Elimination Chamber 2010 Kofi Kingston
58%
WWE Elimination Chamber 2025 Damian Priest
56%
WWE Elimination Chamber 2011 | WWE Extreme Rules 2011 John Morrison
53%
WWE SummerSlam 2010 Justin Gabriel
53%
WWE Royal Rumble 2018 (Eliminated By) Shinsuke Nakamura
53%
WWE No Mercy 2004 | WWE SummerSlam 2004 | WWE The Great American Bash 2004 Booker T
52%
WWE SummerSlam 2010 David Otunga
52%
WWE Armageddon 2006 | WWE Cyber Sunday 2006 | WWE Vengeance: Night Of Champions 2007 King Booker
52%
WWE New Years Revolution 2006 | WWE Survivor Series 2004 Carlito
51%
WWE Elimination Chamber 2017 | WWE Fastlane 2018 | WWE SummerSlam 2017 Baron Corbin
49%
WWE Elimination Chamber 2014 | WWE Money In The Bank 2014 Cesaro
47%
WWE WrestleMania 33 Maryse
46%
WWE Survivor Series 2006 Montel Vontavious Porter
36%
WWE New Years Revolution 2006 Chris Masters
35%
WWE Vengeance: Night Of Champions 2007 Mick Foley
35%
WWE Survivor Series 2017 Samoa Joe
35%
WWE Elimination Chamber 2010 Ted DiBiase
35%
WWE SummerSlam 2010 Darren Young
34%
WWE Elimination Chamber 2018 | WWE Super Showdown 2018 Elias
34%
WWE Battleground 2016 Karl Anderson
34%
WWE Armageddon 2006 | WWE Survivor Series 2006 Finlay
33%
WWE Battleground 2016 Luke Gallows
33%
WWE SummerSlam 2010 Michael Tarver
31%
WWE Vengeance 2006 Sabu
27%
WWE Survivor Series 2006 Test
26%
WWE Over The Limit 2012 John Laurinaitis
22%
WWE Survivor Series 2003 A-Train
20%
WWE No Way Out 2009 Mike Knox
19%
WWE Judgment Day 2003 Rhyno
19%
WWE Survivor Series 2003 Matt Morgan
16%
WWE Armageddon 2004 Jesus
15%
WWE Survivor Series 2003 Nathan Jones
15%
WWE Judgment Day 2004 | WWE The Great American Bash 2004 Rene Dupree
15%
WWE Rebellion 2002 Billy Kidman
13%
WWE Rebellion 2002 Torrie Wilson
12%
WWE Judgment Day 2003 Spanky
11%
WWE Survivor Series 2004 Mark Jindrak
10%
No matching quizzes found
Score Distribution
Percent of People with Each Score
Percentile by Number Answered
Your Score History
You have not taken this quiz since the last reset